La mujer en la ciudad y el hombre en el campo /
Análisis de la distribución poblacional del istmo centroamericano, donde se llegan a las siguientes conclusiones: - América Central es una región cuya población es predominantemente rural, - la población masculina se encuentra distribuída con preferencia en las áreas rurales y, - la población femeni...
Salvato in:
| Autore principale: | |
|---|---|
| Altri autori: | |
| Natura: | testo |
| Lingua: | Spanish |
| Pubblicazione: |
Madrid:
Centro Español de Estudios de América Latina;
1989.
|
| Soggetti: | |
| Tags: |
Aggiungi Tag
Nessun Tag, puoi essere il primo ad aggiungerne!!
|
MARC
| LEADER | 00000 a a2200000 04500 | ||
|---|---|---|---|
| 001 | 2054 | ||
| 003 | cru CRAI/IIS | ||
| 005 | 20211028132020.0 | ||
| 008 | 201209b1989 sp ||||| |||| 00| 0 spa d | ||
| 020 | |a 84-87258-15-8 | ||
| 040 | |c CRAI/IIS |a Centro de Recursos para el Aprendizaje y la Investigación |b Español | ||
| 090 | |a 01.04.03 C397c Tomo 1 | ||
| 100 | 1 | |9 9780 |a Casaús Arzú, Marta Elena | |
| 245 | 1 | 3 | |a La mujer en la ciudad y el hombre en el campo / |c Marta Elena Casaús Arzú, Rolando Castillo Quintana |
| 260 | |a Madrid: |b Centro Español de Estudios de América Latina; |c 1989. | ||
| 300 | |a páginas 327-331; vol. 1 | ||
| 500 | |a Colección Centroamérica | ||
| 520 | |a Análisis de la distribución poblacional del istmo centroamericano, donde se llegan a las siguientes conclusiones: - América Central es una región cuya población es predominantemente rural, - la población masculina se encuentra distribuída con preferencia en las áreas rurales y, - la población femenina urbana predomina sobre la masculina en los seis países del istmo. AR/MR | ||
| 650 | |a POBLACION RURAL |0 TESAUROS | ||
| 650 | |a POBLACION URBANA |0 TESAUROS | ||
| 650 | |a DISTRIBUCION DE LA POBLACION |0 TESAUROS | ||
| 651 | 0 | |9 308 |a CENTROAMERICA | |
| 700 | 1 | |9 9781 |a Castillo Quintana, Rolando | |
| 773 | 0 | |0 43560 |9 5102 |a Centro Español de Estudios de América Latina |d Madrid: CEDEAL, 1989 |o MFN: 2092 |t Centroamerica: |g páginas 327-331; vol. 1 | |
| 852 | 1 | 1 | |a 01.04.03 C397c Tomo 1 |
| 942 | |2 ddc |c LI |h 01.04.03 C397c Tomo 1 |k 01.04.03 |m C397c Tomo 1 |6 010403_C397C_TOMO_1 | ||
| 999 | |c 15875 |d 15875 | ||



